| Record ID | ia:piazzaofdecamero00fusc |
| Source | Internet Archive |
| Download MARC XML | https://archive.org/download/piazzaofdecamero00fusc/piazzaofdecamero00fusc_marc.xml |
| Download MARC binary | https://www.archive.org/download/piazzaofdecamero00fusc/piazzaofdecamero00fusc_meta.mrc |
LEADER: 00638cam 2200205 i 4500
001 76056615 //r83
003 DLC
005 19830115000000.0
008 761230s1977 nyu 00011 eng
010 $a 76056615 //r83
020 $a0807608629 :$c8.95
041 1 $aengita
050 0 $aPZ4.F9945$bPi3$aPQ4866.U78
082 $a853/.9/14
100 10 $aFusco, Luigi.
240 10 $aPiazza del Decamerone.$lEnglish
245 14 $aThe Piazza of the Decameron /$cLuigi Fusco ; translated by Luigi Fusco and Marion Fusco.
260 0 $aNew York :$bG. Braziller,$cc1977.
300 $a206 p. ;$c22 cm.
500 $aTranslation of La Piazza del Decamerone.